History Quiz

Random History or Famous Quiz

Orator by Location and Date Quiz Stats

 Plays Quiz Updated Aug 4, 2017

Also try: I Have A Dream!
Challenge
Share
Tweet
Embed
Score 0/30 Timer 05:00
2 Plays Today
Location and Date Orator % Correct
U.S. Capitol, Washington D.C.; January 20th, 1961John F. Kennedy
88.6%
Soldiers' National Cemetery, Gettysburg, PA; November 19, 1863Abraham Lincoln
88.4%
World Trade Center, New York, NY; September 14th, 2001George W. Bush
86.9%
Oval Office, Washington, D.C.; August 8th, 1974Richard Nixon
85%
Lincoln Memorial, Washington D.C.; August 28, 1963Martin Luther King, Jr.
83.8%
Trenton, NJ; December 25th 1776Thomas Paine (author) and George Washington (reader)
82.9%
Parliament, London, United Kingdom; June 18th, 1940Winston Churchill
80.4%
Old State Capitol, Springfield, IL; February 10, 2007Barack Obama
78.8%
Supreme Court of South Africa, Transvaal Division, Pretoria, South Africa; April 20, 1964Nelson Mandela
78.1%
U.S. Capitol, Washington D.C.; March 4th, 1933Franklin Delano Roosevelt
76.8%
Brandenburg Gate, Berlin, Germany; June 12, 1987Ronald Reagan
75.9%
Madison Square Garden, New York, NY; August 12, 1980Ted Kennedy
74.9%
Hill near the Sea of Galilee and Capernaum, Israel; c. 30 ADJesus Christ
72.3%
Yan'an, Shaanxi Province, China; September 8, 1944Mao Zedong
69.8%
Agora, Athens; 399 BCSocrates
64.2%
Location and Date Orator % Correct
St. John's Church, Richmond, VA; March 23, 1775Patrick Henry
51.3%
Forum, Rome; March of 44 BCMarc Antony
37.7%
Berlin, Germany; September 30, 1862Otto von Bismarck
31.4%
Agincourt, France; October 25th, 1415King Henry V
29.2%
Salle du Manège, Paris, France; July 26, 1794 (8 Thermidor, Year II)Maximilien Robespierre
27.3%
Temple of Jupiter Stator, Rome; 63 BCCicero
22.7%
Nicea, Bithynia; July 25th, 325 ADEmperor Constantine the Great
21.9%
Kerameikos, Athens; 431 BCPericles
18.8%
Glasnevin Cemetery, Dublin, Ireland; September 30th, 1917Michael Collins
16.4%
Chicago, IL; July 7-11, 1896William Jennings Bryan
13.7%
Clermont, France; November 27th, 1095Pope Urban II
8.9%
United Nations, New York, NY; September 20, 2006Hugo Chávez
7%
Athens; 341 BCDemosthenes
6.3%
Enfield, CT; July 8, 1741Jonathan Edwards
6.2%
Arbella, Middle of the Atlantic Ocean; 1630John Winthrop
4.7%

You're not logged in!

Compare scores with friends on all Sporcle quizzes.
OR
Log In

You Might Also Like...

Show Comments

Extras

Top Quizzes Today


Score Distribution

Your Account Isn't Verified!

In order to create a playlist on Sporcle, you need to verify the email address you used during registration. Go to your Sporcle Settings to finish the process.

Report this User

Report this user for behavior that violates our Community Guidelines.

Details: